LEARNING ABOUT CLIMATE CHANGE: AN ENVIRONMENTAL EDUCATION LEARNING RESOURCE FOR EDUCATORS (Record no. 750201)

MARC details
000 -LEADER
fixed length control field 00299nam a2200097Ia 4500
008 - FIXED-LENGTH DATA ELEMENTS--GENERAL INFORMATION
fixed length control field 230331s9999 xx 000 0 und d
020 ## - INTERNATIONAL STANDARD BOOK NUMBER
International Standard Book Number <a href="1-9199-3139-2">1-9199-3139-2</a>
942 ## - ADDED ENTRY ELEMENTS
Creator ID 561
Creator Name John Tresidder
Modifier ID 561
Modifier Name John Tresidder
100 ## - MAIN ENTRY--PERSONAL NAME
Personal name LEARNING
245 #0 - TITLE STATEMENT
Title LEARNING ABOUT CLIMATE CHANGE: AN ENVIRONMENTAL EDUCATION LEARNING RESOURCE FOR EDUCATORS
942 ## - ADDED ENTRY ELEMENTS
item type Books

No items available.